Gaming Quiz

Random Gaming or Console Quiz

Logos Through the Ages: Nintendo Quiz Stats

 Plays Quiz Updated Jun 27, 2018

Challenge
Share
Tweet
Score 0/10 Timer 02:00
11 Plays Today
% Correct
???
78.9%
???
75.5%
???
69.1%
???
67.2%
???
63.3%
???
61%
???
43.3%
???
36.7%
???
22.3%
???
15.2%

You're not logged in!

Compare scores with friends on all Sporcle quizzes.
Join for Free
OR
Log In

You Might Also Like...

Show Comments

Extras

Top Quizzes Today


Score Distribution

Your Account Isn't Verified!

In order to create a playlist on Sporcle, you need to verify the email address you used during registration. Go to your Sporcle Settings to finish the process.

Report this User

Report this user for behavior that violates our Community Guidelines.

Details: